000 00268nam a22001097a 4500
008 170116b xxu||||| |||| 00| 0 eng d
020 _a9780323046756
041 _aeng
080 _24TH
_a618.2
245 _aPSYCHIATRIC MENTAL HEALTH NURSING
_cFORTINASH
942 _2udc
_cBK
999 _c2962
_d2962